Best Pictures... One Letter Off Quiz Stats

Quiz not verified by Sporcle

Challenge
Share
Tweet
Embed
Score 0/20 Timer 09:00
0 Plays Today
'New Film' Description Best Picture (With 1 Letter Changed) % Correct
The life story of a man from Greenbow, Alabama, who runs cross-country to escape his gingivitis.Forrest Gums ('Forrest Gump')
69.4%
Lives interweave in Los Angeles as tensions boil over about garbage pickup.Trash ('Crash')
68.5%
In South Boston, a cop goes undercover to catch illegal immigrants.The Deported ('The Departed')
64%
Film about a fake film in which everyone is always drawing conclusions in Latin.Ergo ('Argo')
54.1%
An Austrian composer goes around telling everyone he is God.I'm a Deus ('Amadeus')
51.4%
This time, the story is focused not on Ray Babbitt, but his conceited brother Charlie.Vain Man ('Rain Man')
48.6%
One-upping himself, Phileas Fogg repeats his voyage four score, each time different.Around the World in 80 Ways ('Around the World in 80 Days')
45.9%
A musical about an American-born person of Mexican descent... and all that jazz.Chicano ('Chicago')
44.1%
Chicago caper film in which the stars are constantly derailed by a really, really foul stench.The Stink ('The Sting')
40.5%
One immigrant turns his Atlantic fishing business into a criminal empire.The Codfather ('The Godfather')
39.6%
'New Film' Description Best Picture (With 1 Letter Changed) % Correct
A German businessman has a change of heart while cleaning his washer/dryer.Schindler's Lint ('Schindler's List')
31.5%
High-energy film where the actors get really excited about kalamatas! And green ones stuffed with pimentos!Olives! ('Oliver!')
26.1%
Until his gang of baby-delivering birds rules NYC... he won't stop dancing.West Side Stork ('West Side Story')
25.2%
Some morons get the bright idea to pal around with feral canines. They foxtrot... okay, bad pun.Dunces With Wolves ('Dances With Wolves')
22.5%
War film in which no one can seem to stop ingesting a popular brand of tequila.Patron ('Patton')
21.6%
One boxer's quest to amass the world's largest collection of dress shirts.Million Collar Baby ('Million Dollar Baby')
17.1%
Farm-based tale of one spotlight-hogging, narcissistic sheep.All About Ewe ('All About Eve')
15.3%
One man's obsession with an orange... but only on the surface.A Beautiful Rind ('A Beautiful Mind')
13.5%
The film is literally just about one type of alcohol. 'A terrible version of Sideways,' one critic said.Wines ('Wings')
9.9%
'People come and go' in this establishment, and everyone leaves with new thyroids & pancreas!Gland Hotel ('Grand Hotel')
9%

You're not logged in!

Compare scores with friends on all Sporcle quizzes.
Join for Free
OR
Log In

You Might Also Like...

Show Comments

Extras

Top Quizzes Today


Score Distribution

Your Account Isn't Verified!

In order to create a playlist on Sporcle, you need to verify the email address you used during registration. Go to your Sporcle Settings to finish the process.

Report this User

Report this user for behavior that violates our Community Guidelines.

Details: